Science Quiz

Random Science or Clickable Quiz

Find the Yellow Animals Quiz Stats

 Plays Quiz Updated Aug 11, 2019

Score 0/20 Timer 04:00
4 Plays Today
% Correct
Yellow Seahorse
96.2%
22-Spot Ladybird
95.9%
Clouded Yellow Butterfly
95.3%
Golden Poison Frog
95%
Northern Yellow Bat
94.4%
Brazilian Yellow Scorpion
93.9%
Golden Ghost Crab
93.7%
Domestic Canary
90.9%
Western Yellowjacket
87.9%
Lutino Cockatiel
87.3%
% Correct
Golden Lion Tamarin
83.8%
Eyelash Viper
82.2%
Lowland Streaked Tenrec
82.2%
Yellow Boxfish
81.8%
Yellow Mongoose
81.3%
Yellow Tang
79.8%
Goldenrod Crab Spider
75.6%
Ziebell's Handfish
68.9%
Yellow Anaconda
67%
Largemouth Yellowfish
58.7%

You're not logged in!

Compare scores with friends on all Sporcle quizzes.
OR
Log In

Sporcle TV

Today on Sporcle TV


Watch our educational content, quiz creation guides, and fun videos on Sporcle TV.

Show Comments

Extras

Top Quizzes Today


Score Distribution

Your Account Isn't Verified!

In order to create a playlist on Sporcle, you need to verify the email address you used during registration. Go to your Sporcle Settings to finish the process.

Report this User

Report this user for behavior that violates our Community Guidelines.

Details: